[Event "Titled Tuesday intern op 5th May"]
[Site "Chess.com INT"]
[Date "2020.05.05"]
[Round "10"]
[White "Aslanov, Umid Fuad"]
[Black "Vivas, Fabian"]
[Result "1-0"]
[WhiteElo "2019"]
[BlackElo "1951"]
[PlyCount "61"]
[EventDate "2020.05.05"]
[EventType "swiss (blitz)"]
[EventRounds "10"]
[EventCountry "USA"]
[SourceTitle "EXT 2021"]
[Source "ChessBase"]
[SourceDate "2020.10.23"]
[SourceVersion "1"]
[SourceVersionDate "2020.10.23"]
[SourceQuality "1"]

1. e4 e5 2. Nf3 Nc6 3. Bc4 Nf6 4. d3 Be7 5. 0-0 0-0 6. c3 d5 7. exd5 Nxd5 8. Re1 Bg4 9. h3 Bh5 10. g4 Bg6 11. Nxe5 Nxe5 12. Rxe5 Nb6 13. Nd2 Bd6 14. Re3 Qh4 15. Kg2 Rae8 16. Nf3 Qf6 17. Rxe8 Rxe8 18. Bg5 Qxf3+ 19. Kxf3 Nxc4 20. dxc4 Be4+ 21. Ke2 Bc2+ 22. Be3 Bxd1+ 23. Rxd1 f6 24. Kf3 b6 25. b4 Re7 26. c5 bxc5 27. bxc5 Be5 28. Bd4 Kf7 29. Bxe5 fxe5 30. Ke4 Kf6 31. Rd5 1-0

[Event "Titled Tuesday intern op 5th May"]
[Site "Chess.com INT"]
[Date "2020.05.05"]
[Round "4"]
[White "Vivas, Fabian"]
[Black "Mieles Palau, Daniel Alberto"]
[Result "0-1"]
[WhiteElo "1951"]
[BlackElo "2364"]
[PlyCount "102"]
[EventDate "2020.05.05"]
[EventType "swiss (blitz)"]
[EventRounds "10"]
[EventCountry "USA"]
[SourceTitle "EXT 2021"]
[Source "ChessBase"]
[SourceDate "2020.10.23"]
[SourceVersion "1"]
[SourceVersionDate "2020.10.23"]
[SourceQuality "1"]

1. e4 c5 2. Nf3 Nc6 3. d4 cxd4 4. Nxd4 g6 5. Nc3 Bg7 6. Be3 Nf6 7. Bc4 0-0 8. Bb3 d6 9. f3 Bd7 10. Qd2 Qa5 11. 0-0-0 Rfc8 12. Kb1 Ne5 13. Bh6 Bxh6 14. Qxh6 Rxc3 15. bxc3 Qxc3 16. h4 a5 17. Ne2 Qc5 18. h5 a4 19. Bd5 Qb5+ 20. Ka1 Qxe2 21. hxg6 Nxg6 22. Rd2 Qb5 23. g3 a3 24. Rb1 Qc5 25. c4 Ra4 26. Rxb7 Rb4 27. Rxb4 Qxb4 28. Rc2 Nxd5 29. cxd5 Qd4+ 30. Kb1 Qb4+ 31. Ka1 f6 32. Qc1 Qd4+ 33. Rc3 Ne5 34. Qxa3 Nxf3 35. Kb1 Nd2+ 36. Kc2 Nxe4 37. Rd3 Qf2+ 38. Kb3 Nc5+ 39. Kc4 Nxd3 40. Qxd3 Qxa2+ 41. Kd4 Qa4+ 42. Ke3 Qg4 43. Kf2 Qf5+ 44. Qxf5 Bxf5 45. Ke3 Kf7 46. Kf4 Be6 47. g4 Bxd5 48. Kf5 Be6+ 49. Kf4 Bxg4 50. Kxg4 e5 51. Kh5 f5 0-1

[Event "Titled Tuesday intern op 5th May"]
[Site "Chess.com INT"]
[Date "2020.05.05"]
[Round "3"]
[White "Vivas, Fabian"]
[Black "Sirosh, Ilja"]
[Result "0-1"]
[WhiteElo "1951"]
[BlackElo "2405"]
[PlyCount "86"]
[EventDate "2020.05.05"]
[EventType "swiss (blitz)"]
[EventRounds "10"]
[EventCountry "USA"]
[SourceTitle "EXT 2021"]
[Source "ChessBase"]
[SourceDate "2020.10.23"]
[SourceVersion "1"]
[SourceVersionDate "2020.10.23"]
[SourceQuality "1"]

1. e4 e5 2. Nf3 Nc6 3. d4 exd4 4. Nxd4 Nf6 5. Nxc6 bxc6 6. e5 Qe7 7. Qe2 Nd5 8. h4 a5 9. c4 Nb6 10. Nc3 Qe6 11. g3 Bb4 12. Bd2 Ba6 13. b3 0-0 14. Bh3 Qe7 15. 0-0 d5 16. Bg5 Qe8 17. Qg4 Bxc3 18. Bf6 g6 19. Qg5 Bxe5 20. Bxe5 f6 21. Bxf6 Qf7 22. Bb2 Rae8 23. f4 Bc8 24. Bxc8 Nxc8 25. Rae1 Nd6 26. h5 Ne4 27. Qg4 Qf5 28. Qh4 Qxh5 29. Qxh5 gxh5 30. Kg2 Kf7 31. Be5 Rg8 32. Rf3 Ke6 33. cxd5+ cxd5 34. Rc1 c5 35. Bc7 Kf5 36. Rh1 Nf6 37. Be5 d4 38. Bxf6 Kxf6 39. Rxh5 Re2+ 40. Rf2 Rge8 41. Rxc5 d3 42. Rd5 R8e3 43. Rxe2 dxe2 0-1

[Event "Titled Tuesday intern op 5th May"]
[Site "Chess.com INT"]
[Date "2020.05.05"]
[Round "8"]
[White "Vivas, Fabian"]
[Black "Zverev, Lev"]
[Result "0-1"]
[WhiteElo "1951"]
[BlackElo "2087"]
[PlyCount "51"]
[EventDate "2020.05.05"]
[EventType "swiss (blitz)"]
[EventRounds "10"]
[EventCountry "USA"]
[SourceTitle "EXT 2021"]
[Source "ChessBase"]
[SourceDate "2020.10.23"]
[SourceVersion "1"]
[SourceVersionDate "2020.10.23"]
[SourceQuality "1"]

1. e4 e5 2. Nf3 Nc6 3. d4 exd4 4. Nxd4 Bc5 5. Nb3 Bb6 6. Nc3 Nf6 7. Qe2 a5 8. Bg5 0-0 9. Nd5 a4 10. Nxf6+ gxf6 11. Bh6 Kh8 12. Bxf8 axb3 13. Bh6 Nd4 14. Qg4 Nxc2+ 15. Kd2 Qg8 16. Qh4 Bd4 17. Rd1 Rxa2 18. Bc4 Rxb2 19. Kd3 c5 20. Bd2 d5 21. Bxd5 b5 22. Bxb3 c4+ 23. Bxc4 bxc4+ 24. Kxc4 Ba6+ 25. Kd5 Qd8+ 26. Kc6 0-1

[Event "Titled Tuesday intern op 21st April"]
[Site "Chess.com INT"]
[Date "2020.04.21"]
[Round "9"]
[White "Herrera Reyes, Jose Antonio"]
[Black "Vivas, Fabian"]
[Result "0-1"]
[WhiteElo "2304"]
[BlackElo "1951"]
[PlyCount "58"]
[EventDate "2020.04.21"]
[EventType "swiss (blitz)"]
[EventRounds "10"]
[EventCountry "USA"]
[SourceTitle "EXT 2021"]
[Source "ChessBase"]
[SourceDate "2020.10.23"]
[SourceVersion "1"]
[SourceVersionDate "2020.10.23"]
[SourceQuality "1"]

1. Nf3 c5 2. g3 Nf6 3. Bg2 g6 4. d3 Bg7 5. Nc3 0-0 6. h4 d5 7. h5 Nxh5 8. Bg5 Nc6 9. Qd2 Bg4 10. Bh6 Nd4 11. Nxd4 cxd4 12. Nxd5 e6 13. Bxg7 Kxg7 14. Nf4 Nxf4 15. Qxf4 h5 16. f3 Bf5 17. g4 g5 18. Qh2 Bg6 19. gxh5 Rh8 20. h6+ Kh7 21. f4 Qa5+ 22. Kf2 Qd2 23. fxg5 Qe3+ 24. Ke1 Rac8 25. Qg1 Qxg5 26. Qxd4 e5 27. Qf2 Rxc2 28. Bf3 Rc1+ 29. Rxc1 Qxc1# 0-1

[Event "Titled Tuesday intern op 14th April"]
[Site "Chess.com INT"]
[Date "2020.04.14"]
[Round "1"]
[White "Stachowiak, Kamil"]
[Black "Vivas, Fabian"]
[Result "1-0"]
[WhiteElo "2461"]
[BlackElo "1951"]
[PlyCount "83"]
[EventDate "2020.04.14"]
[EventType "swiss (blitz)"]
[EventRounds "10"]
[EventCountry "USA"]
[SourceTitle "EXT 2021"]
[Source "ChessBase"]
[SourceDate "2020.10.23"]
[SourceVersion "1"]
[SourceVersionDate "2020.10.23"]
[SourceQuality "1"]

1. Nf3 c5 2. g3 Nf6 3. Bg2 g6 4. 0-0 Bg7 5. c4 0-0 6. Nc3 d5 7. cxd5 Nxd5 8. d3 Nxc3 9. bxc3 Bxc3 10. Rb1 Nc6 11. Bh6 Bg7 12. Bxg7 Kxg7 13. Qc1 Qd6 14. Rd1 Rb8 15. Nd2 Nd4 16. Qb2 Kg8 17. Ne4 Qc7 18. Rdc1 Ne6 19. d4 c4 20. d5 Ng7 21. Nd2 b5 22. Nxc4 Bf5 23. Ne5 Qd6 24. e4 Bd7 25. Nc6 Bxc6 26. Rxc6 Qd7 27. Rbc1 Ne8 28. e5 a5 29. h4 Qa7 30. h5 gxh5 31. Qd2 Ng7 32. Rc7 Qb6 33. Rxe7 b4 34. e6 a4 35. exf7+ Rxf7 36. Rxf7 Kxf7 37. d6 b3 38. axb3 axb3 39. Rc7+ Kg8 40. Bd5+ Kh8 41. Qc3 Qxc7 42. dxc7 1-0

[Event "South America-chT Schools 18th"]
[Site "Natal"]
[Date "2012.12.05"]
[Round "6.3"]
[White "Paredes Lagos, Anthony Javier"]
[Black "Vivas, Fabian"]
[Result "1/2-1/2"]
[WhiteElo "1842"]
[BlackElo "1971"]
[PlyCount "60"]
[EventDate "2012.12.01"]
[EventType "team-swiss"]
[EventRounds "6"]
[EventCountry "BRA"]
[SourceTitle "EXT 2023"]
[Source "ChessBase"]
[SourceDate "2022.10.05"]
[SourceVersion "1"]
[SourceVersionDate "2022.10.05"]
[SourceQuality "1"]
[WhiteTeam "Peru"]
[BlackTeam "Venezuela"]
[WhiteTeamCountry "PER"]
[BlackTeamCountry "VEN"]

1. c4 Nf6 2. Nc3 e5 3. g3 Bb4 4. Nd5 Nxd5 5. cxd5 a5 6. Qc2 d6 7. Bg2 0-0 8. Nf3 c6 9. dxc6 Nxc6 10. 0-0 d5 11. d3 Bg4 12. a3 Bxf3 13. exf3 Nd4 14. Qd1 Bd6 15. Be3 Nf5 16. d4 Qb6 17. dxe5 Nxe3 18. fxe3 Qxe3+ 19. Kh1 Bxe5 20. Re1 Qd4 21. Re2 Rac8 22. f4 Bf6 23. Qxd4 Bxd4 24. Rd1 Bf6 25. Bxd5 Rfd8 26. g4 Kf8 27. g5 Be7 28. Red2 b5 29. h4 g6 30. f5 f6 1/2-1/2

[Event "South America-chT Schools 18th"]
[Site "Natal"]
[Date "2012.12.02"]
[Round "3.3"]
[White "Diaz Herrera, Leider Andres"]
[Black "Vivas, Fabian"]
[Result "1-0"]
[WhiteElo "1950"]
[BlackElo "1971"]
[PlyCount "91"]
[EventDate "2012.12.01"]
[EventType "team-swiss"]
[EventRounds "6"]
[EventCountry "BRA"]
[SourceTitle "EXT 2023"]
[Source "ChessBase"]
[SourceDate "2022.10.05"]
[SourceVersion "1"]
[SourceVersionDate "2022.10.05"]
[SourceQuality "1"]
[WhiteTeam "Colombia"]
[BlackTeam "Venezuela"]
[WhiteTeamCountry "COL"]
[BlackTeamCountry "VEN"]

1. e4 e5 2. Nf3 Nf6 3. Nxe5 d6 4. Nf3 Nxe4 5. Nc3 Nxc3 6. dxc3 Be7 7. Bf4 Bg4 8. Be2 Nc6 9. Qd2 Qd7 10. h3 Bxf3 11. Bxf3 Qe6+ 12. Qe3 Qxe3+ 13. Bxe3 0-0-0 14. 0-0-0 Kb8 15. Rhe1 Ne5 16. Bd5 c6 17. Bb3 Rhf8 18. Kb1 f5 19. f4 Ng6 20. g3 Bf6 21. Bf2 d5 22. Re6 Rfe8 23. Rde1 Rxe6 24. Rxe6 Kc7 25. Kc1 b6 26. c4 d4 27. Ba4 Ne7 28. g4 Rd6 29. Rxd6 Kxd6 30. g5 Ng6 31. gxf6 gxf6 32. Bg3 Kc5 33. Kd2 Ne7 34. Bb3 Nc8 35. Kd3 Nd6 36. Bf2 Ne4 37. Bxd4+ Kd6 38. Be3 c5 39. c3 Ke6 40. Bd1 Nd6 41. b4 b5 42. Bb3 bxc4+ 43. Bxc4+ Nxc4 44. Kxc4 cxb4 45. cxb4 a6 46. a4 1-0

[Event "San Cristobal Bolivar op 1st"]
[Site "San Cristobal"]
[Date "2012.09.28"]
[Round "7"]
[White "Vivas, Fabian"]
[Black "Lorenzana, Wilson Estuardo"]
[Result "1/2-1/2"]
[WhiteElo "1953"]
[BlackElo "2202"]
[PlyCount "111"]
[EventDate "2012.09.25"]
[EventType "swiss"]
[EventRounds "10"]
[EventCountry "VEN"]
[SourceTitle "EXT 2013"]
[Source "ChessBase"]
[SourceDate "2012.11.22"]
[SourceVersion "1"]
[SourceVersionDate "2012.11.22"]
[SourceQuality "1"]

1. c4 Nf6 2. Nc3 g6 3. g3 Bg7 4. Bg2 0-0 5. Nf3 d6 6. 0-0 e5 7. d3 Nc6 8. Rb1 a5 9. a3 h6 10. b4 axb4 11. axb4 Nd7 12. b5 Ne7 13. Bb2 f5 14. e3 g5 15. Nd2 Rb8 16. Nd5 Nf6 17. Nb3 b6 18. Ra1 Nexd5 19. cxd5 Bd7 20. d4 e4 21. Qe2 Qe8 22. Rfc1 Bxb5 23. Qd2 Nxd5 24. Ra7 Ra8 25. Rxa8 Qxa8 26. Ra1 Qe8 27. Nc1 g4 28. Ne2 Qc6 29. Rc1 Qd7 30. Ba3 Ra8 31. Qa2 Qf7 32. Bf1 Ra7 33. Qb2 Bd3 34. Nc3 Bxf1 35. Kxf1 Nxc3 36. Rxc3 Qd5 37. Rb3 Kh7 38. Kg2 h5 39. Rb5 Qf7 40. Qc1 Ra4 41. d5 Qd7 42. Rb4 Rxb4 43. Bxb4 Be5 44. Bc3 c5 45. Bxe5 dxe5 46. Qb2 Qxd5 47. Qxb6 c4 48. Qc7+ Kg6 49. Qc8 Kf6 50. Qf8+ Ke6 51. Qg8+ Kd6 52. Qd8+ Kc6 53. Qa8+ Kc5 54. Qa5+ Kd6 55. Qd8+ Ke6 56. Qg8+ 1/2-1/2

[Event "Merida Rincon Gonzalez 1st C"]
[Site "Merida"]
[Date "2012.05.11"]
[Round "2.3"]
[White "Padrino Santiago, Emilio Enrique"]
[Black "Vivas, Fabian"]
[Result "0-1"]
[WhiteElo "1889"]
[BlackElo "1926"]
[PlyCount "78"]
[EventDate "2012.05.11"]
[EventType "tourn"]
[EventRounds "10"]
[EventCountry "VEN"]
[SourceTitle "EXT 2022"]
[Source "ChessBase"]
[SourceDate "2021.10.06"]
[SourceVersion "1"]
[SourceVersionDate "2021.10.06"]
[SourceQuality "1"]

1. e4 e5 2. Nf3 Nf6 3. Nxe5 d6 4. Nf3 Nxe4 5. d4 d5 6. Bd3 Bd6 7. 0-0 0-0 8. c4 c6 9. Nc3 Nxc3 10. bxc3 dxc4 11. Bxc4 Bg4 12. h3 Bh5 13. a4 Nd7 14. Re1 Qc7 15. g4 Bg6 16. h4 h5 17. Ng5 Nf6 18. gxh5 Bxh5 19. Qd3 Rae8 20. Bd2 Bf4 21. Kg2 Bxd2 22. Qxd2 Bg6 23. Rh1 Nh5 24. Rag1 b5 25. axb5 cxb5 26. Bb3 Nf4+ 27. Kf3 Bh5+ 28. Kg3 Ne2+ 29. Kg2 Nf4+ 30. Kg3 Ne2+ 31. Kg2 Nxg1 32. Qd3 Qc6+ 33. d5 Qg6 34. Qxg6 Bxg6 35. Rxg1 a5 36. Rd1 a4 37. Ba2 Re2 38. Bb1 Bxb1 39. Rxb1 a3 0-1

[Event "Pan American-ch U12"]
[Site "Cali"]
[Date "2011.07.08"]
[Round "9"]
[White "Vivas, Fabian"]
[Black "Rengifo Blancas, Renzo Jhonathan"]
[Result "1-0"]
[WhiteElo "1869"]
[BlackElo "1622"]
[PlyCount "58"]
[EventDate "2011.07.03"]
[EventType "swiss"]
[EventRounds "9"]
[EventCountry "COL"]
[SourceTitle "CBM 143 Extra"]
[Source "ChessBase"]
[SourceDate "2011.08.29"]
[SourceVersion "1"]
[SourceVersionDate "2011.08.29"]
[SourceQuality "1"]

1. c4 Nf6 2. Nc3 g6 3. g3 Bg7 4. Bg2 0-0 5. Nf3 d6 6. 0-0 Nbd7 7. Rb1 e5 8. d3 c6 9. b4 Qc7 10. b5 Nc5 11. Ba3 e4 12. Ng5 exd3 13. exd3 Bf5 14. Nge4 Nfxe4 15. Nxe4 Rad8 16. Bxc5 dxc5 17. Nxc5 cxb5 18. Ne4 bxc4 19. Qc2 c3 20. Rfd1 a6 21. Rxb7 Qa5 22. Re1 Be6 23. a4 Bd7 24. Ra1 Kh8 25. h4 Rb8 26. Rxd7 Rb2 27. Qc1 c2 28. Kh2 Rd8 29. Nd6 Rb1 1-0

[Event "Pan American-ch U12"]
[Site "Cali"]
[Date "2011.07.04"]
[Round "3"]
[White "Vivas, Fabian"]
[Black "Palu, Andres"]
[Result "1-0"]
[WhiteElo "1869"]
[BlackElo "1686"]
[PlyCount "46"]
[EventDate "2011.07.03"]
[EventType "swiss"]
[EventRounds "9"]
[EventCountry "COL"]
[SourceTitle "CBM 143 Extra"]
[Source "ChessBase"]
[SourceDate "2011.08.29"]
[SourceVersion "1"]
[SourceVersionDate "2011.08.29"]
[SourceQuality "1"]

1. c4 Nf6 2. Nc3 g6 3. g3 c5 4. Bg2 Bg7 5. Nf3 0-0 6. 0-0 d6 7. a3 Nc6 8. Rb1 Bf5 9. d3 Qd7 10. Re1 Bh3 11. Bh1 Qf5 12. b4 cxb4 13. axb4 Ng4 14. Nd5 Rae8 15. Bb2 e5 16. Qa4 e4 17. dxe4 Rxe4 18. Bxg7 Kxg7 19. Nf4 Nf6 20. Nxh3 Qxh3 21. Ng5 Qf5 22. Nxe4 Nxe4 23. Bxe4 Qxe4 1-0